| 000 | 00592cam a2200205 a 4500 | ||
|---|---|---|---|
| 001 | 12763208 | ||
| 005 | 20241102152828.0 | ||
| 008 | 020503s2002 maua b 001 0 eng | ||
| 020 | _a0072835745 (alk. paper) | ||
| 050 | 0 | 0 |
_aHB172.5 _b.D435 2002b |
| 082 | 0 | 0 |
_a339 _221 |
| 100 | 1 |
_aDeLong, J. Bradford, _d1960- |
|
| 245 | 1 | 0 |
_aMacroeconomics / _cJ. Bradford DeLong. |
| 250 | _aUpdated ed. | ||
| 260 |
_aBoston, Mass. : _bMcGraw-Hill Irwin, _cc2002. |
||
| 300 |
_axxvi, 523 p. : _bill. ; _c26 cm. |
||
| 500 | _aIncludes Index | ||
| 650 | 0 | _aMacroeconomics. | |
| 942 |
_2lcc _cBK _eUpdated Ed. _n0 |
||
| 999 |
_c571 _d571 |
||